| 000 | 00434cam a2200181ua 4500 | ||
|---|---|---|---|
| 020 | _c3.00 | ||
| 041 |
_ahin _h |
||
| 082 |
_a891.43 _bJAI/SU |
||
| 100 | _aJainendra, Kumar . | ||
| 245 |
_aSunita / _cJainendra kumar. _hTextual Documents |
||
| 250 |
_a6 / _b. |
||
| 260 |
_aMumbai : _bHindi grandh ratnakar karyalay , _c1958. |
||
| 300 | _a191 ; . | ||
| 365 | _a3.00 | ||
| 504 | _a | ||
| 942 | _cBK | ||
| 999 |
_c12157 _d12157 |
||